UNIX V Příručka správce systému
Na minha lista:
| Autor principal: | |
|---|---|
| Formato: | Livro |
| Idioma: | tcheco |
| Publicado em: |
Praha
Grada
1993
|
| Edição: | 1. vyd. |
| Assuntos: | |
| Tags: |
Sem tags, seja o primeiro a adicionar uma tag!
|
MARC
| LEADER | 00000nam a2200000 4500 | ||
|---|---|---|---|
| 001 | c005695 | ||
| 005 | 20221206075200.4 | ||
| 020 | |a 80-7169-008-2 | ||
| 041 | 0 | |a cze | |
| 044 | |a CZ | ||
| 245 | 1 | 0 | |a UNIX V |b Příručka správce systému |c Jiří Hnát |
| 250 | |a 1. vyd. | ||
| 264 | 1 | |a Praha |b Grada |c 1993 | |
| 300 | |a 351 s. | ||
| 610 | 2 | 0 | |a UNIX V |
| 610 | 2 | 0 | |a systémy operačné |
| 610 | 2 | 0 | |a UnixWare |
| 100 | 1 | |a Hnát, Jiří | |